En la espiral de la innovación : modelo benchmarking y experiencias de empresas innovavoras en España "Inditex, Ingenio, Irizar, MRW, e-Human@, Aldebaran Innovation, Pharma-Mar, Tecasa" /

Zapisane w:
Opis bibliograficzny
1. autor: Carballo, Roberto (autor)
Format: Książka
Język:hiszpański
Wydane: Madrid, España : Díaz de Santos, 2004, c2004
Hasła przedmiotowe:
Etykiety: Dodaj etykietę
Nie ma etykietki, Dołącz pierwszą etykiete!

MARC

LEADER 00000nam^a2200000^a^4500
001 000193861
005 20250521000000.0
009 20260310102657.704
020 |a 84-7978-613-2 
037 |a Acervo ITESO - Biblioteca 
041 |a ESP 
082 |a 658. 4063  |b CAR 
100 |a Carballo, Roberto  |e (autor) 
245 1 0 |a En la espiral de la innovación :  |b modelo benchmarking y experiencias de empresas innovavoras en España "Inditex, Ingenio, Irizar, MRW, e-Human@, Aldebaran Innovation, Pharma-Mar, Tecasa" /  |c R. Carballo. 
264 4 |a Madrid, España :  |b Díaz de Santos,  |c 2004, c2004 
300 |a XXII, 169 p. 
336 |a texto  |b txt  |2 rdacontenido 
337 |a sin mediación  |b n  |2 rdamedio 
338 |a volumen  |b nc  |2 rdasoporte 
649 |a XX 
650 |a Empresas -  |z España 
650 |a Benchmarking -  |x Tema Principal 
650 |a Cambio Organizacional 
650 |a Innovación Administrativa -  |z España 
650 |a Innovación Administrativa 
650 |a Proceso Administrativo 
650 |a Administración -  |x Teoría 
650 |a Ciencias Administrativas 
910 |a Fondo General 
920 |a Impresos - Libros 
930 |a Colección General 
905 |a 101 
901 |a 0500138680  |b IT1  |c ACC  |u 20250521 
902 |a https://opac.biblio.iteso.mx/vufind/Record/000193861